[Event "Int. Stuttgarter Stadtmeisterschaft A"]
[Site "Ditzingen"]
[Date "2018.05.11"]
[Round "4.31"]
[White "Schmidt, Markus"]
[Black "Fischer, Daniel"]
[Result "0-1"]
[WhiteElo "1825"]
[BlackElo "2004"]
[PlyCount "116"]
[EventDate "2018.??.??"]
[WhiteTeam "Stuttgarter SF"]
[BlackTeam "SVG Offenburg"]

1. d4 d6 2. Nf3 g6 3. e4 Bg7 4. Bd3 a6 5. a4 b6 6. O-O e6 7. Bg5 Ne7 8. b4 h6
9. Be3 O-O 10. Na3 Bb7 11. Rc1 Nd7 12. Qd2 Kh7 13. Nh4 e5 14. d5 Nxd5 15. Nxg6
fxg6 16. exd5 Nf6 17. c4 a5 18. b5 Bc8 19. f4 Ng4 20. Nb1 Bf5 21. Be2 Qh4 22.
Bxg4 Bxg4 23. fxe5 Bxe5 24. Bf4 Bg7 25. Bg3 Qe7 26. Rfe1 Qf6 27. h3 Bf5 28.
Rcd1 Rae8 29. Rf1 Qb2 30. Qxb2 Bxb2 31. Rd2 Bf6 32. Bf2 h5 33. Bd4 Bg5 34. Rdd1
Re4 35. Kh1 Rfe8 36. Nc3 Rxd4 37. Rxd4 Bf6 38. Rfd1 Re3 39. Na2 Bc2 40. Rf4
Bxd1 41. Rxf6 Kg7 42. Re6 Rxe6 43. dxe6 Bb3 44. Nc3 Bxc4 45. e7 Kf7 46. e8=Q+
Kxe8 47. g4 hxg4 48. hxg4 Ke7 49. Kg2 Ke6 50. Kf3 Ke5 51. Ke3 d5 52. Nd1 d4+
53. Kf3 Bb3 54. Nb2 Bc2 55. Nc4+ Kd5 56. Nb2 Kc5 57. Ke2 Kb4 58. Kd2 Kb3 0-1

[Event "Int. Stuttgarter Stadtmeisterschaft A"]
[Site "Ditzingen"]
[Date "2018.05.11"]
[Round "4.32"]
[White "Dreyer, Andre"]
[Black "Steinhart, Christoph"]
[Result "1/2-1/2"]
[WhiteElo "1905"]
[BlackElo "1985"]
[PlyCount "73"]
[EventDate "2018.??.??"]
[WhiteTeam "SV Stockenhausen-Frommern"]
[BlackTeam "TSV Schönaich"]

1. d4 e6 2. c4 Nf6 3. Nc3 Bb4 4. Bg5 h6 5. Bxf6 Qxf6 6. Rc1 d5 7. cxd5 exd5 8.
e3 O-O 9. Nf3 c6 10. Be2 Re8 11. O-O Nd7 12. Qc2 Qe7 13. Rfe1 Nf6 14. a3 Bd6
15. Bd3 Ne4 16. Rb1 Bg4 17. Be2 Nxf2 18. Kxf2 Qxe3+ 19. Kf1 Bxf3 20. Bxf3 Qxd4
21. Qf2 Qc4+ 22. Be2 Qb3 23. Bd1 Rxe1+ 24. Kxe1 Qc4 25. Be2 Qb3 26. Bd1 Qb6 27.
Qxb6 axb6 28. g3 Re8+ 29. Kf1 d4 30. Ne2 c5 31. Bb3 b5 32. Bd5 Re7 33. b4 d3
34. Nc3 cxb4 35. Nxb5 Bb8 36. axb4 Re5 37. Bc4 1/2-1/2

[Event "Int. Stuttgarter Stadtmeisterschaft A"]
[Site "Ditzingen"]
[Date "2018.05.11"]
[Round "4.33"]
[White "Ruff, Robert"]
[Black "Schiegg, Peter"]
[Result "0-1"]
[WhiteElo "1806"]
[BlackElo "1975"]
[PlyCount "94"]
[EventDate "2018.??.??"]
[WhiteTeam "SK Sachsenheim"]
[BlackTeam "SF Bad Grönenbach"]

1. d4 Nf6 2. c4 e6 3. Nc3 d5 4. Bg5 Nbd7 5. cxd5 exd5 6. Qc2 Be7 7. e3 h6 8.
Bh4 O-O 9. Bd3 c5 10. Nge2 b6 11. O-O Bb7 12. Bg3 a6 13. h3 Rc8 14. Rac1 b5 15.
Qb1 c4 16. Bf5 b4 17. Na4 Qa5 18. Nc5 Bxc5 19. dxc5 Qxc5 20. Nd4 Rce8 21. a3 a5
22. a4 Ne5 23. Nb5 Ne4 24. Bxe4 dxe4 25. Rfd1 Nd3 26. Bd6 Qf5 27. Rc2 Bc6 28.
Bxf8 Bxb5 29. axb5 Kxf8 30. b6 Qb5 31. b7 Rb8 32. Rf1 Rxb7 33. f3 Re7 34. Qd1
b3 35. Re2 c3 36. bxc3 b2 37. Qb1 a4 38. fxe4 a3 39. Rd2 Rd7 40. Rfd1 Ke8 41.
Kh2 Qe5+ 42. Kh1 Qxc3 43. Kh2 Qb3 44. Rxd3 Rxd3 45. Rxd3 a2 46. Qf1 b1=Q 47.
Qe2 Q3xd3 0-1

[Event "Int. Stuttgarter Stadtmeisterschaft A"]
[Site "Ditzingen"]
[Date "2018.05.11"]
[Round "4.34"]
[White "Schmitz, Nico"]
[Black "Meißner, Mogens"]
[Result "0-1"]
[WhiteElo "1969"]
[BlackElo "1797"]
[PlyCount "76"]
[EventDate "2018.??.??"]
[WhiteTeam "SF Konz-Karthaus"]
[BlackTeam "SK Bietigheim-Bissingen"]

1. e4 e5 2. Nf3 Nc6 3. d4 exd4 4. Bc4 h6 5. O-O Bc5 6. a3 a5 7. c3 dxc3 8. Nxc3
Nge7 9. Bf4 O-O 10. Qd2 Kh7 11. Bd3 Ng6 12. e5 d6 13. Rad1 Bg4 14. Ne4 Nd4 15.
Nxd4 Bxd4 16. exd6 cxd6 17. Bxd6 Re8 18. Rde1 f5 19. Bb5 Rxe4 20. Rxe4 Bxf2+
21. Rxf2 fxe4 22. Qd4 e3 23. Rf7 Qg8 24. Bc4 e2 25. Kf2 Re8 26. Ke1 Be6 27.
Bxe6 Rxe6 28. Rd7 b5 29. h4 h5 30. Qd5 Nxh4 31. Qxh5+ Rh6 32. Qg4 Ng6 33. Qxe2
Qd5 34. Rd8 Rh1+ 35. Kf2 Qd4+ 36. Qe3 Rf1+ 37. Kxf1 Qxe3 38. Bc7 Qc1+ 0-1

[Event "Int. Stuttgarter Stadtmeisterschaft A"]
[Site "Ditzingen"]
[Date "2018.05.11"]
[Round "4.35"]
[White "Peters, Theresa"]
[Black "Shourya Jain"]
[Result "0-1"]
[WhiteElo "1815"]
[BlackElo "1931"]
[PlyCount "32"]
[EventDate "2018.??.??"]
[WhiteTeam "SG KK Hohentübingen"]

1. e4 c5 2. Nf3 d6 3. d4 cxd4 4. Nxd4 Nf6 5. Nc3 g6 6. Be3 Bg7 7. f3 O-O 8. Qd2
Nc6 9. Be2 Nxd4 10. Bxd4 Be6 11. g4 Qa5 12. h4 Rfc8 13. h5 Bc4 14. hxg6 hxg6
15. O-O-O Bxa2 16. b3 Qa3# 0-1

[Event "Int. Stuttgarter Stadtmeisterschaft A"]
[Site "Ditzingen"]
[Date "2018.05.11"]
[Round "4.36"]
[White "Verbitsky, Jaroslaw"]
[Black "Lohvinov, Petro"]
[Result "1/2-1/2"]
[WhiteElo "1765"]
[BlackElo "1879"]
[PlyCount "85"]
[EventDate "2018.??.??"]
[WhiteTeam "SV Mattnetz Berlin"]
[BlackTeam "SK München Südost"]

1. e4 c5 2. Nf3 e6 3. c4 a6 4. Nc3 Nc6 5. d4 cxd4 6. Nxd4 Nf6 7. Be3 Qc7 8.
Nxc6 dxc6 9. Qd4 Be7 10. Qb6 Qxb6 11. Bxb6 Nd7 12. Bc7 e5 13. Rd1 O-O 14. Be2
Bc5 15. O-O Bd4 16. Bd6 Re8 17. Bf3 Re6 18. c5 Rg6 19. Ne2 Bxb2 20. Rd3 b5 21.
Rb1 Bd4 22. Nxd4 exd4 23. e5 Bb7 24. Rxd4 Nf8 25. Be4 Re6 26. f4 Ree8 27. g3
Ne6 28. Rd3 Rad8 29. Re1 g6 30. Kf2 Kg7 31. Red1 Kg8 32. Bf3 Rd7 33. Rb3 Red8
34. Ke1 Kg7 35. a4 Ra8 36. Rbd3 Kg8 37. Ke2 Rad8 38. Be7 Rxd3 39. Rxd3 Rxd3 40.
Kxd3 Nc7 41. axb5 axb5 42. Kd4 Kg7 43. Bd6 1/2-1/2

[Event "Int. Stuttgarter Stadtmeisterschaft A"]
[Site "Ditzingen"]
[Date "2018.05.11"]
[Round "4.37"]
[White "Metzdorf, Matteo"]
[Black "Schuster, Gerhard"]
[Result "0-1"]
[WhiteElo "1849"]
[BlackElo "1982"]
[PlyCount "94"]
[EventDate "2018.??.??"]
[WhiteTeam "SG Trier"]
[BlackTeam "SC Feuerbach"]

1. e4 e5 2. Nf3 Nc6 3. Bb5 Nf6 4. d3 Bc5 5. O-O O-O 6. Bxc6 bxc6 7. Nxe5 d5 8.
Nd2 Qe8 9. Nef3 dxe4 10. Re1 Bf5 11. dxe4 Nxe4 12. Nxe4 Bxe4 13. Bf4 Rd8 14.
Qe2 Bxf3 15. Qxf3 Qd7 16. Rad1 Bd6 17. Qd3 Rfe8 18. Rxe8+ Rxe8 19. h3 Re6 20.
c4 Qe7 21. Bxd6 cxd6 22. Qf3 Re1+ 23. Rxe1 Qxe1+ 24. Kh2 Qe5+ 25. Kg1 d5 26.
cxd5 cxd5 27. Qg4 f5 28. Qg5 h6 29. Qd2 Qe4 30. Qc3 d4 31. Qd2 f4 32. Kf1 d3
33. a3 f3 34. g3 Qe2+ 35. Qxe2 dxe2+ 36. Ke1 Kf7 37. Kd2 Ke6 38. b3 Kd5 39. Ke1
Kd4 40. Kd2 g6 41. g4 g5 42. a4 a5 43. Ke1 Kc3 44. h4 gxh4 45. b4 h3 46. bxa5
h2 47. a6 h1=Q# 0-1

[Event "Int. Stuttgarter Stadtmeisterschaft A"]
[Site "Ditzingen"]
[Date "2018.05.11"]
[Round "4.38"]
[White "Partik, Markus"]
[Black "Kobald, Jacqueline"]
[Result "1/2-1/2"]
[WhiteElo "1958"]
[BlackElo "1692"]
[PlyCount "43"]
[EventDate "2018.??.??"]
[WhiteTeam "TSV Münchingen"]
[BlackTeam "SV Stuttgart-Wolfbusch"]

1. c4 Nf6 2. Nc3 g6 3. g3 Bg7 4. Bg2 c5 5. Rb1 O-O 6. a3 Nc6 7. b4 cxb4 8. axb4
d6 9. Nf3 d5 10. cxd5 Nxd5 11. Nxd5 Qxd5 12. O-O Qd6 13. b5 Ne5 14. Qa4 Bf5 15.
Ba3 Nxf3+ 16. Bxf3 Qxd2 17. Rbd1 Bc2 18. Rxd2 Bxa4 19. Bxe7 Rfe8 20. Rd7 Bxb5
21. Rxb7 Rab8 22. Rxb8 1/2-1/2

[Event "Int. Stuttgarter Stadtmeisterschaft A"]
[Site "Ditzingen"]
[Date "2018.05.11"]
[Round "4.39"]
[White "Narr, Matthias"]
[Black "Gheng, Dominik"]
[Result "1/2-1/2"]
[WhiteElo "1868"]
[BlackElo "1939"]
[PlyCount "37"]
[EventDate "2018.??.??"]
[WhiteTeam "SR Heuberg-Gosheim"]
[BlackTeam "Schach-Kids Bernhausen"]

1. e4 e5 2. f4 exf4 3. Bc4 d6 4. d4 g5 5. h4 Nf6 6. Nc3 Qe7 7. hxg5 Nfd7 8.
Bxf4 Nb6 9. Qe2 Bg7 10. O-O-O Nc6 11. Bb5 Bd7 12. Nf3 O-O-O 13. e5 dxe5 14.
Bxc6 Bxc6 15. Rhe1 e4 16. Ne5 Bxe5 17. dxe5 Nd5 18. Qg4+ Qd7 19. Qxd7+ 1/2-1/2

[Event "Int. Stuttgarter Stadtmeisterschaft A"]
[Site "Ditzingen"]
[Date "2018.05.11"]
[Round "4.40"]
[White "Giebler, Kai"]
[Black "Issaad, Pascal"]
[Result "1-0"]
[WhiteElo "1788"]
[BlackElo "1893"]
[PlyCount "91"]
[EventDate "2018.??.??"]
[WhiteTeam "TSF Ditzingen"]
[BlackTeam "SV Stuttgart-Wolfbusch"]

1. e4 e5 2. Nf3 Nc6 3. d4 exd4 4. Nxd4 Bc5 5. Nb3 Bb6 6. Nc3 d6 7. Qe2 Nge7 8.
Be3 O-O 9. O-O-O f5 10. Bg5 Qe8 11. f3 Qg6 12. Be3 fxe4 13. Nxe4 Bxe3+ 14. Qxe3
Bf5 15. Bd3 Ne5 16. g4 Nxd3+ 17. cxd3 Bd7 18. Nc3 Rfe8 19. Qd2 Bc6 20. Nd4 Bd7
21. h4 Qf6 22. Ndb5 Rec8 23. Rdf1 a6 24. Ne4 Qe5 25. Nbc3 d5 26. Nc5 Qd6 27.
Nxd7 Qxd7 28. Rhg1 b5 29. f4 b4 30. Ne2 c5 31. f5 Nc6 32. f6 c4 33. Kb1 Ne5 34.
d4 Nf7 35. Qxb4 Rab8 36. Qc3 Rb7 37. Rf2 Rcb8 38. Nf4 a5 39. fxg7 a4 40. Nh5
Qc6 41. Rc1 Qb6 42. Nf6+ Kxg7 43. Nxd5 Qg6+ 44. Ka1 Nd6 45. Nf4 Qf7 46. Nh5+
1-0

[Event "Int. Stuttgarter Stadtmeisterschaft A"]
[Site "Ditzingen"]
[Date "2018.05.11"]
[Round "4.41"]
[White "Koch, Martin"]
[Black "Hoeschele, Hans-Ulrich"]
[Result "1/2-1/2"]
[WhiteElo "2056"]
[BlackElo "1994"]
[PlyCount "92"]
[EventDate "2018.??.??"]
[WhiteTeam "SC Botnang"]
[BlackTeam "Stuttgarter SF"]

1. d4 d5 2. Bf4 Nd7 3. e3 e6 4. Nf3 c6 5. Bd3 Ngf6 6. h3 Nb6 7. O-O Bd6 8. Bxd6
Qxd6 9. Nbd2 Nbd7 10. e4 dxe4 11. Nxe4 Nxe4 12. Bxe4 Nf6 13. Bd3 O-O 14. Qd2 c5
15. Rfe1 cxd4 16. Nxd4 Rd8 17. Nf3 Qc7 18. Ne5 Bd7 19. Qg5 Be8 20. Rad1 Rd5 21.
Qe3 Rad8 22. c4 R5d6 23. b3 b6 24. Be2 Bc6 25. Rxd6 Rxd6 26. Nxc6 Qxc6 27. Rd1
h6 28. Qf4 Rxd1+ 29. Bxd1 Qe4 30. Qxe4 Nxe4 31. Bc2 Nd6 32. Kf1 a5 33. Ke2 Kf8
34. Kd3 e5 35. a3 Ke7 36. b4 Nb7 37. g4 g6 38. Ba4 axb4 39. axb4 f5 40. Bc6 Nd8
41. Bd5 Kd6 42. Bg8 Ne6 43. gxf5 gxf5 44. Ke3 Nd4 45. Kd3 Nc6 46. Kc3 Ne7
1/2-1/2

[Event "Int. Stuttgarter Stadtmeisterschaft A"]
[Site "Ditzingen"]
[Date "2018.05.12"]
[Round "5.1"]
[White "Kryakvin, Dmitry"]
[Black "Turov, Maxim"]
[Result "1/2-1/2"]
[WhiteElo "2573"]
[BlackElo "2602"]
[PlyCount "22"]
[EventDate "2018.??.??"]

1. e4 e5 2. Nf3 Nf6 3. Nxe5 d6 4. Nf3 Nxe4 5. Qe2 Qe7 6. Nc3 Nxc3 7. dxc3 Qxe2+
8. Bxe2 Be7 9. Be3 Nc6 10. Nd4 Nxd4 11. cxd4 Bf5 1/2-1/2

[Event "Int. Stuttgarter Stadtmeisterschaft A"]
[Site "Ditzingen"]
[Date "2018.05.12"]
[Round "5.2"]
[White "Ikonnikov, Vyacheslav"]
[Black "Zuferi, Enis"]
[Result "1/2-1/2"]
[WhiteElo "2541"]
[BlackElo "2342"]
[PlyCount "84"]
[EventDate "2018.??.??"]
[BlackTeam "Heilbronner SV"]

1. d4 Nf6 2. Nf3 g6 3. c4 Bg7 4. Nc3 d5 5. Bg5 Ne4 6. cxd5 Nxg5 7. Nxg5 e6 8.
Qd2 h6 9. Nf3 exd5 10. e3 O-O 11. b4 a5 12. b5 Be6 13. Na4 Nd7 14. Be2 Re8 15.
O-O Bf8 16. Rfc1 Bd6 17. Nc5 Nxc5 18. dxc5 Bf8 19. Nd4 Bg7 20. Rd1 Qg5 21. Rac1
Bh3 22. Bf3 Bg4 23. Bxg4 Qxg4 24. h3 Qe4 25. Nb3 Qa4 26. Qxd5 Qxa2 27. Rd2 Qa4
28. Qd3 Qb4 29. Nd4 a4 30. Rc4 Qa5 31. Ra2 a3 32. Kh2 Red8 33. Qb3 c6 34. bxc6
bxc6 35. Qb6 Bxd4 36. exd4 Rdb8 37. Qxa5 Rxa5 38. Rc3 Rba8 39. Rd3 Ra4 40. d5
cxd5 41. Rxd5 Rc4 42. Rd3 Rxc5 1/2-1/2

[Event "Int. Stuttgarter Stadtmeisterschaft A"]
[Site "Ditzingen"]
[Date "2018.05.12"]
[Round "5.3"]
[White "Maiorov, Nikita"]
[Black "Tran, Thanh Kien"]
[Result "1-0"]
[WhiteElo "2532"]
[BlackElo "2194"]
[PlyCount "67"]
[EventDate "2018.??.??"]
[BlackTeam "SC Böblingen"]

1. d4 Nf6 2. c4 g6 3. g3 Bg7 4. Bg2 d5 5. Nf3 O-O 6. O-O dxc4 7. Na3 c3 8. bxc3
c5 9. Bb2 Nc6 10. Re1 cxd4 11. cxd4 Ne4 12. Qc2 Nd6 13. e3 Bd7 14. Qe2 Rc8 15.
d5 Bxb2 16. Qxb2 Na5 17. e4 b5 18. e5 Ndc4 19. Nxc4 Nxc4 20. Qd4 Qb6 21. Qh4 f6
22. d6 Nxe5 23. dxe7 Rf7 24. Rad1 Re8 25. Rxe5 fxe5 26. Rxd7 Qe6 27. Rxa7 Rfxe7
28. Ng5 Qd6 29. Rxe7 Rxe7 30. Bf1 Ra7 31. Bxb5 Qd1+ 32. Bf1 Rc7 33. Qb4 Rc1 34.
Qb8+ 1-0

[Event "Int. Stuttgarter Stadtmeisterschaft A"]
[Site "Ditzingen"]
[Date "2018.05.12"]
[Round "5.4"]
[White "Cofmann, Veaceslav"]
[Black "Koepke, Christian"]
[Result "1/2-1/2"]
[WhiteElo "2183"]
[BlackElo "2328"]
[PlyCount "39"]
[EventDate "2018.??.??"]
[WhiteTeam "Karlsruher SF"]
[BlackTeam "SC Garching"]

1. Nf3 d5 2. b3 Bg4 3. Bb2 Nd7 4. g3 Ngf6 5. Bg2 e6 6. O-O Bd6 7. d4 O-O 8. Ne5
Bf5 9. Nxd7 Qxd7 10. Nd2 Qe7 11. Re1 Ba3 12. Qc1 Bxb2 13. Qxb2 Rad8 14. e4 dxe4
15. Nxe4 Bxe4 16. Bxe4 c6 17. Bg2 Rd7 18. Rad1 Rfd8 19. Rd3 Qb4 20. Red1
1/2-1/2

[Event "Int. Stuttgarter Stadtmeisterschaft A"]
[Site "Ditzingen"]
[Date "2018.05.12"]
[Round "5.5"]
[White "Ortmann, David"]
[Black "Jerie, Sven"]
[Result "1-0"]
[WhiteElo "2322"]
[BlackElo "2078"]
[PlyCount "69"]
[EventDate "2018.??.??"]
[WhiteTeam "SC Böblingen"]
[BlackTeam "SG Ludwigsburg"]

1. d4 Nf6 2. c4 g6 3. Nc3 Bg7 4. e4 d6 5. Nf3 O-O 6. Be2 e5 7. Be3 Ng4 8. Bg5
f6 9. Bh4 g5 10. Bg3 Nh6 11. d5 Nf7 12. Nd2 f5 13. exf5 Bxf5 14. Nde4 Na6 15.
h4 Nc5 16. f3 Nxe4 17. fxe4 Bd7 18. Bg4 Qc8 19. Bxd7 Qxd7 20. hxg5 Nxg5 21. Qh5
Bf6 22. O-O-O Qf7 23. Qg4 Qg6 24. Rdf1 Bg7 25. Rf5 Nf7 26. Qh4 Bh6+ 27. Kc2 Bg5
28. Qh3 Kg7 29. Rhf1 Be7 30. Bh4 Rae8 31. Bxe7 Rxe7 32. Qh4 Rfe8 33. R1f3 Kh8
34. Rg3 Qh6 35. Rh5 1-0

[Event "Int. Stuttgarter Stadtmeisterschaft A"]
[Site "Ditzingen"]
[Date "2018.05.12"]
[Round "5.6"]
[White "Schroeter, Samuel"]
[Black "Kabisch, Thilo"]
[Result "0-1"]
[WhiteElo "2125"]
[BlackElo "2315"]
[PlyCount "108"]
[EventDate "2018.??.??"]
[WhiteTeam "SC Böblingen"]
[BlackTeam "SK Schmiden/Cannstatt"]

1. c4 Nf6 2. Nc3 g6 3. Nf3 Bg7 4. g3 O-O 5. Bg2 d6 6. O-O c5 7. d3 Nc6 8. Rb1
e5 9. a3 a5 10. Bg5 h6 11. Bxf6 Bxf6 12. Nd5 Be6 13. Nxf6+ Qxf6 14. Nd2 Rfd8
15. Ne4 Qe7 16. Nc3 Kg7 17. Qa4 Qd7 18. Rfe1 Ra6 19. e3 Rb8 20. Red1 h5 21. h4
Qd8 22. Ne4 Bd7 23. Qc2 Bg4 24. Rd2 b5 25. cxb5 Rxb5 26. d4 exd4 27. Bf1 Rab6
28. Bxb5 Rxb5 29. Qc4 Qe7 30. Ng5 dxe3 31. Rxd6 exf2+ 32. Kxf2 Ne5 33. Qd5 Bf5
34. Re1 f6 35. Kg1 Rxb2 36. Qxc5 Qb7 37. Qd5 Qa7+ 38. Qd4 Qxd4+ 39. Rxd4 Rb3
40. Kg2 Rxa3 41. Ne4 Ra2+ 42. Nf2 Bg4 43. Re3 Bc8 44. Kf1 a4 45. Rb4 Be6 46.
Rc3 a3 47. Rb7+ Kh6 48. Ra7 Ra1+ 49. Ke2 Bc4+ 50. Kd2 a2 51. Rc1 Rb1 52. Ne4
Nf3+ 53. Ke3 Rxc1 54. Nxf6 g5 0-1

[Event "Int. Stuttgarter Stadtmeisterschaft A"]
[Site "Ditzingen"]
[Date "2018.05.12"]
[Round "5.7"]
[White "Pogan, Nikolas"]
[Black "Gabriel, Josef"]
[Result "1/2-1/2"]
[WhiteElo "2223"]
[BlackElo "2106"]
[PlyCount "67"]
[EventDate "2018.??.??"]
[WhiteTeam "Heilbronner SV"]
[BlackTeam "Stuttgarter SF"]

1. c4 e5 2. g3 Nf6 3. Bg2 Nc6 4. Nc3 Bb4 5. Nd5 Bc5 6. e3 O-O 7. Ne2 Nb4 8.
Nxb4 Bxb4 9. a3 Be7 10. Nc3 c6 11. d4 d6 12. O-O Be6 13. d5 Bd7 14. b4 a5 15.
Bb2 axb4 16. axb4 Qb6 17. Qb3 cxd5 18. Nxd5 Nxd5 19. Bxd5 Rxa1 20. Rxa1 Bc6 21.
Ra5 h5 22. f4 Bf6 23. Bxc6 Qxc6 24. fxe5 dxe5 25. Bxe5 Bxe5 26. Rxe5 Qf3 27.
Qd3 Ra8 28. Qf1 Qg4 29. Rf5 Qe4 30. Rxf7 Qxe3+ 31. Qf2 Ra1+ 32. Kg2 Qe4+ 33.
Qf3 Ra2+ 34. Kh1 1/2-1/2

[Event "Int. Stuttgarter Stadtmeisterschaft A"]
[Site "Ditzingen"]
[Date "2018.05.12"]
[Round "5.8"]
[White "Dudek, Richard"]
[Black "Scheynin, Julia"]
[Result "1-0"]
[WhiteElo "2231"]
[BlackElo "1986"]
[PlyCount "69"]
[EventDate "2018.??.??"]
[WhiteTeam "SC Eppingen"]
[BlackTeam "Karlsruher SF"]

1. e4 e6 2. d4 d5 3. Nd2 Nf6 4. e5 Nfd7 5. Bd3 c5 6. c3 Nc6 7. Ne2 cxd4 8. cxd4
f6 9. exf6 Nxf6 10. Nf3 Bd6 11. O-O Qc7 12. Nc3 a6 13. Be3 O-O 14. h3 Bd7 15.
Rc1 Rae8 16. a3 Qb8 17. Be2 Na5 18. Na4 Nc4 19. Bxc4 dxc4 20. Nb6 Bc6 21. Nxc4
Bc7 22. Re1 Bd5 23. Nce5 Rc8 24. Bg5 Bxe5 25. Nxe5 Rxc1 26. Qxc1 Qd6 27. Qc5
Qd8 28. Ng4 Qd7 29. Bxf6 gxf6 30. Ne3 Rc8 31. Nxd5 exd5 32. Qb4 Rc4 33. Qd2 Qc6
34. Qf4 Rc2 35. Re7 1-0

[Event "Int. Stuttgarter Stadtmeisterschaft A"]
[Site "Ditzingen"]
[Date "2018.05.12"]
[Round "5.9"]
[White "Poysti, Nathanael"]
[Black "Leutwyler, Martin"]
[Result "1-0"]
[WhiteElo "1977"]
[BlackElo "2193"]
[PlyCount "107"]
[EventDate "2018.??.??"]
[BlackTeam "SF Gottmadingen"]

1. e4 c6 2. d4 d5 3. exd5 cxd5 4. Bd3 Nc6 5. c3 Qc7 6. Ne2 Bg4 7. f3 Bd7 8. Bf4
e5 9. dxe5 Nxe5 10. O-O Bd6 11. Bc2 Ne7 12. Nd4 O-O 13. Nd2 Rfe8 14. Bg3 N7c6
15. N2b3 a6 16. Rb1 Nc4 17. Bxd6 Qxd6 18. Re1 g6 19. Bd3 Rxe1+ 20. Qxe1 N6e5
21. Bf1 Re8 22. Qf2 a5 23. Nc1 Rc8 24. Nd3 Nc6 25. Rd1 Re8 26. Nb5 Qb8 27. b3
Ne3 28. Re1 Nxf1 29. Qxf1 Ne5 30. Nxe5 Rxe5 31. Nd4 Rxe1 32. Qxe1 Qc7 33. Qe3
Qd6 34. a4 Qc5 35. Kf2 Qa3 36. h3 Qc5 37. Ne2 Qd6 38. Qd4 Qc6 39. Nf4 Be6 40.
h4 b5 41. h5 gxh5 42. Nxh5 Kf8 43. Nf4 bxa4 44. bxa4 Ke7 45. Nd3 Qc4 46. Qxc4
dxc4 47. Nc5 Bd5 48. Ke3 f5 49. Kd4 Kd6 50. Na6 h5 51. Nc7 Bc6 52. Nb5+ Ke6 53.
Kc5 Bxf3 54. Nd4+ 1-0

[Event "Int. Stuttgarter Stadtmeisterschaft A"]
[Site "Ditzingen"]
[Date "2018.05.12"]
[Round "5.10"]
[White "Lahouel, Kim-Luca"]
[Black "Kuberczyk, Christoph"]
[Result "1/2-1/2"]
[WhiteElo "1736"]
[BlackElo "2244"]
[PlyCount "85"]
[EventDate "2018.??.??"]
[WhiteTeam "Heilbronner SV"]
[BlackTeam "SV Diag.Harburg"]

1. e4 c5 2. c3 Nf6 3. e5 Nd5 4. d4 cxd4 5. Nf3 Nc6 6. cxd4 g6 7. Bc4 Nb6 8. Bb3
Bg7 9. O-O O-O 10. Nc3 d6 11. exd6 Qxd6 12. Ne4 Qd8 13. d5 Na5 14. d6 Nxb3 15.
Qxb3 Be6 16. Qb4 exd6 17. Nxd6 Qe7 18. Bg5 f6 19. Bd2 Rfd8 20. Ne4 Qxb4 21.
Bxb4 f5 22. Nc3 a5 23. Bc5 Nc4 24. Ng5 Bc8 25. Rad1 Rxd1 26. Rxd1 Bf6 27. b3
Nb2 28. Rd2 Bxg5 29. Rxb2 Bf6 30. Rc2 Be6 31. Nb5 Rc8 32. Nd6 Rc6 33. Nxb7 Be7
34. h3 Bc8 35. Rc4 Bxb7 36. Bxe7 Rxc4 37. bxc4 Kf7 38. Bd8 a4 39. f4 Ke6 40.
Kf2 Ba6 41. c5 Kd5 42. Be7 a3 43. Ke3 1/2-1/2

[Event "Int. Stuttgarter Stadtmeisterschaft A"]
[Site "Ditzingen"]
[Date "2018.05.12"]
[Round "5.11"]
[White "Latzke, Boris"]
[Black "Döring, Stefan"]
[Result "1-0"]
[WhiteElo "2217"]
[BlackElo "1983"]
[PlyCount "61"]
[EventDate "2018.??.??"]
[WhiteTeam "SK Bebenhausen"]
[BlackTeam "SC Tamm"]

1. d4 d5 2. c4 c6 3. Nf3 Nf6 4. Nc3 dxc4 5. a4 Bf5 6. e3 e6 7. Bxc4 Bb4 8. O-O
O-O 9. Nh4 Bg4 10. f3 Bh5 11. g4 Nd5 12. Qe1 Bg6 13. Nxg6 hxg6 14. e4 Nb6 15.
Bb3 Qxd4+ 16. Be3 Qf6 17. f4 Na6 18. g5 Qe7 19. Qh4 Bc5 20. Rae1 Rad8 21. Rf3
Rd3 22. Rh3 f5 23. exf5 Rxe3 24. Qh7+ Kf7 25. Qxg6+ Kg8 26. Rexe3 Nd5 27. Qh7+
Kf7 28. Qh5+ Kg8 29. g6 Bxe3+ 30. Kh1 Nf6 31. Qh8# 1-0

[Event "Int. Stuttgarter Stadtmeisterschaft A"]
[Site "Ditzingen"]
[Date "2018.05.12"]
[Round "5.12"]
[White "Degenhard, Simon"]
[Black "Scholtes, Benedikt"]
[Result "1-0"]
[WhiteElo "2189"]
[BlackElo "2028"]
[PlyCount "97"]
[EventDate "2018.??.??"]
[WhiteTeam "Heilbronner SV"]
[BlackTeam "SG Trier"]

1. d4 f5 2. e4 fxe4 3. Nc3 Nf6 4. Bg5 Nc6 5. d5 Ne5 6. Qe2 Nf7 7. f4 d6 8. Bxf6
exf6 9. Nxe4 Be7 10. O-O-O O-O 11. Nf3 f5 12. Ng3 c5 13. dxc6 bxc6 14. Nd4 Bf6
15. Nh5 Rb8 16. Qc4 Bd7 17. c3 c5 18. Nb3 Qe7 19. Nxf6+ Qxf6 20. Qa6 Bc8 21.
Qxa7 Bb7 22. Bc4 Rfd8 23. Rhe1 Be4 24. Qc7 Rbc8 25. Qxf7+ Qxf7 26. Bxf7+ Kxf7
27. g3 Ke6 28. Nd2 d5 29. c4 Kf6 30. cxd5 Bxd5 31. b3 Ra8 32. Kb2 Re8 33. Rc1
Bf7 34. Rxe8 Rxe8 35. Rxc5 Re2 36. Rc2 Bd5 37. Nc4 Re6 38. a4 h6 39. Ne5 g5 40.
b4 Be4 41. Rd2 h5 42. b5 h4 43. Kc3 h3 44. a5 Rxe5 45. fxe5+ Kxe5 46. a6 f4 47.
gxf4+ Kxf4 48. b6 g4 49. b7 1-0

[Event "Int. Stuttgarter Stadtmeisterschaft A"]
[Site "Ditzingen"]
[Date "2018.05.12"]
[Round "5.13"]
[White "Maisch, Julian"]
[Black "Döserich, Jürgen"]
[Result "1-0"]
[WhiteElo "2184"]
[BlackElo "2010"]
[PlyCount "51"]
[EventDate "2018.??.??"]
[WhiteTeam "SF Kornwestheim"]
[BlackTeam "Schw. Pumpe Freiburg"]

1. e4 c5 2. Be2 Nc6 3. f4 e6 4. Nf3 d5 5. d3 dxe4 6. dxe4 Qxd1+ 7. Bxd1 Nf6 8.
Nbd2 Be7 9. c3 O-O 10. Bc2 Rd8 11. Nf1 b6 12. Be3 Bb7 13. N1d2 Rd7 14. O-O-O e5
15. f5 Ne8 16. Rhe1 f6 17. g4 b5 18. Nb3 Rxd1+ 19. Rxd1 c4 20. Nc5 Bxc5 21.
Bxc5 a6 22. b3 Na5 23. Bb6 cxb3 24. axb3 Nc6 25. b4 Rc8 26. Nh4 1-0

[Event "Int. Stuttgarter Stadtmeisterschaft A"]
[Site "Ditzingen"]
[Date "2018.05.12"]
[Round "5.14"]
[White "Migl, Dieter"]
[Black "Schönhof, Timo"]
[Result "1/2-1/2"]
[WhiteElo "2170"]
[BlackElo "1948"]
[PlyCount "57"]
[EventDate "2018.??.??"]
[WhiteTeam "Stuttgarter SF"]
[BlackTeam "SK Engen"]

1. e4 c5 2. Nf3 g6 3. d4 cxd4 4. Nxd4 Nc6 5. Nc3 Bg7 6. Nb3 Nf6 7. Be2 d6 8.
O-O a6 9. a4 b6 10. Bg5 Bb7 11. f4 O-O 12. Bf3 Nb4 13. Rf2 Rc8 14. e5 Bxf3 15.
Qxf3 Ne8 16. Rd1 f6 17. exf6 Nxf6 18. Nd4 Qd7 19. f5 Ne8 20. Nd5 Nxd5 21. Qxd5+
Kh8 22. Re2 Rc5 23. Qe6 Bxd4+ 24. Rxd4 Qxe6 25. Rxe6 Rcxf5 26. h4 Rf1+ 27. Kh2
Ng7 28. Re2 Nf5 29. Rb4 1/2-1/2

[Event "Int. Stuttgarter Stadtmeisterschaft A"]
[Site "Ditzingen"]
[Date "2018.05.12"]
[Round "5.15"]
[White "Wettengel, Alexander"]
[Black "Klings, Peter"]
[Result "1/2-1/2"]
[WhiteElo "2040"]
[BlackElo "2142"]
[PlyCount "100"]
[EventDate "2018.??.??"]
[WhiteTeam "Stuttgarter SF"]
[BlackTeam "Freibauer Mörlenbach"]

1. e4 c6 2. d4 d5 3. exd5 cxd5 4. Nf3 Nf6 5. Ne5 Nbd7 6. c3 g6 7. Be2 Bg7 8.
O-O O-O 9. Bf4 Ne4 10. f3 Nd6 11. Qb3 Nxe5 12. dxe5 Nc4 13. Bxc4 dxc4 14. Qxc4
Qb6+ 15. Qd4 Qxb2 16. Nd2 Bf5 17. Nc4 Qb5 18. Rfd1 Be6 19. Ne3 Rfc8 20. Rab1
Qe8 21. Rxb7 Rd8 22. Qb4 Rxd1+ 23. Nxd1 a5 24. Qe4 Bxa2 25. Rxe7 Qd8 26. Rd7
Qf8 27. Qd4 a4 28. Ne3 Be6 29. Ra7 a3 30. Qa4 Rxa7 31. Qxa7 Bh6 32. g3 Bxf4 33.
gxf4 Qh6 34. Qxa3 Qxf4 35. Qa8+ Kg7 36. Qe4 Qxe4 37. fxe4 Kf8 38. h4 h6 39. Kf2
Ke8 40. Nd5 Kd8 41. Ke3 Kd7 42. Nf6+ Kc6 43. Ng8 g5 44. hxg5 hxg5 45. Nf6 Kc5
46. Nh7 Kc4 47. Nxg5 Kxc3 48. Kf4 Kd4 49. Nf3+ Kd3 50. Nh4 Kd4 1/2-1/2